[Event "Niedersachsen-ch op B"]
[Site "Verden"]
[Date "2019.01.04"]
[Round "3"]
[White "Thomas, Jeremy"]
[Black "Haumer, Christian"]
[Result "1/2-1/2"]
[WhiteElo "1613"]
[BlackElo "1733"]
[PlyCount "81"]
[EventDate "2019.01.03"]
[EventType "swiss"]
[EventRounds "7"]
[EventCountry "GER"]
[SourceTitle "EXT 2022"]
[Source "ChessBase"]
[SourceDate "2021.10.06"]
[SourceVersion "1"]
[SourceVersionDate "2021.10.06"]
[SourceQuality "1"]

1. e4 e5 2. Nf3 Nc6 3. Bc4 h6 4. d3 Nf6 5. Be3 Bb4+ 6. c3 Be7 7. 0-0 0-0 8. h3 d6 9. Nbd2 Na5 10. Bb3 Nxb3 11. axb3 a6 12. b4 Be6 13. d4 exd4 14. Nxd4 d5 15. e5 Nd7 16. f4 c5 17. bxc5 Nxc5 18. f5 Bc8 19. f6 gxf6 20. Bxh6 fxe5 21. Bxf8 Qxf8 22. Nf5 Bxf5 23. Rxf5 Qg7 24. b4 Ne6 25. Qg4 Qxg4 26. hxg4 f6 27. b5 Nf4 28. Kf1 Kg7 29. g3 Rh8 30. Rb1 Rh1+ 31. Kf2 Bc5+ 32. Kf3 Rxb1 33. Nxb1 Ne6 34. bxa6 bxa6 35. Rh5 a5 36. Rh1 a4 37. Nd2 Nc7 38. c4 Bd4 39. cxd5 Nxd5 40. Nc4 Nb4 41. Rb1 1/2-1/2

[Event "Lingen op 4th"]
[Site "Lingen"]
[Date "2012.07.21"]
[Round "3"]
[White "Falk, Tobias"]
[Black "Haumer, Christian"]
[Result "1-0"]
[WhiteElo "2019"]
[BlackElo "1809"]
[PlyCount "103"]
[EventDate "2012.07.20"]
[EventType "swiss"]
[EventRounds "5"]
[EventCountry "GER"]
[SourceTitle "EXT 2013"]
[Source "ChessBase"]
[SourceDate "2012.11.22"]
[SourceVersion "1"]
[SourceVersionDate "2012.11.22"]
[SourceQuality "1"]

1. c4 e6 2. Nf3 Nf6 3. g3 d5 4. d4 Nbd7 5. Bg2 Bb4+ 6. Bd2 Bxd2+ 7. Nbxd2 0-0 8. 0-0 c6 9. Qc2 Re8 10. e4 e5 11. cxd5 cxd5 12. dxe5 Nxe5 13. Nxe5 Rxe5 14. exd5 Nxd5 15. Nc4 Qc7 16. Rac1 Rh5 17. Bf3 Rf5 18. Qe2 Qe7 19. Qxe7 Nxe7 20. Be4 Rc5 21. Nd6 Rxc1 22. Rxc1 Be6 23. b3 Rd8 24. Nxb7 Rd2 25. Rc2 Rd1+ 26. Kg2 Re1 27. Bf3 g5 28. h3 Nf5 29. Rd2 Kg7 30. Nc5 Kf6 31. Nxe6 Rxe6 32. Rd7 Re7 33. Rd5 Ng7 34. Rd6+ Re6 35. Rd7 Re7 36. Rd4 h5 37. Rd6+ Re6 38. Rd7 Re7 39. Rd4 Nf5 40. Ra4 h4 41. Bg4 Nh6 42. gxh4 gxh4 43. Bf3 Kg5 44. b4 Nf5 45. b5 Nd6 46. Rg4+ Kf6 47. a4 Nf5 48. Rc4 Kg5 49. a5 Nd6 50. Rc6 Nb7 51. b6 axb6 52. axb6 1-0

[Event "Lingen op 4th"]
[Site "Lingen"]
[Date "2012.07.20"]
[Round "1"]
[White "Loecken, Siegfried"]
[Black "Haumer, Christian"]
[Result "1/2-1/2"]
[WhiteElo "2090"]
[BlackElo "1809"]
[PlyCount "139"]
[EventDate "2012.07.20"]
[EventType "swiss"]
[EventRounds "5"]
[EventCountry "GER"]
[SourceTitle "EXT 2013"]
[Source "ChessBase"]
[SourceDate "2012.11.22"]
[SourceVersion "1"]
[SourceVersionDate "2012.11.22"]
[SourceQuality "1"]

1. e4 e5 2. f4 Bc5 3. Nf3 Nc6 4. Bb5 d6 5. c3 Bd7 6. d3 Nf6 7. Bxc6 Bxc6 8. fxe5 Ng4 9. d4 dxe5 10. h3 exd4 11. hxg4 Qe7 12. cxd4 Bxe4 13. Qe2 Bb4+ 14. Kf2 0-0-0 15. Nc3 Bxf3 16. Qxe7 Bxe7 17. gxf3 Rxd4 18. Be3 Rd7 19. Rad1 a6 20. Ne4 h6 21. Rxd7 Kxd7 22. Bd4 Rg8 23. Bc3 Ke6 24. Rh5 f6 25. Ng3 Rd8 26. Rh1 Rd5 27. Nf5 Bf8 28. Ke2 c5 29. Ke3 b5 30. a3 h5 31. Rxh5 Rd1 32. Rh8 Kf7 33. Ke4 b4 34. axb4 cxb4 35. Bd4 a5 36. Ne3 Rb1 37. Rh2 a4 38. Kd5 a3 39. bxa3 bxa3 40. Ra2 g6 41. Nc4 Rb3 42. Nd2 Rb7 43. Ne4 Rd7+ 44. Kc4 Be7 45. Nc5 Ra7 46. Kb3 Rc7 47. Rc2 f5 48. gxf5 gxf5 49. Kxa3 Rd7 50. Bb2 Rd3+ 51. Kb4 Rxf3 52. Kc4 f4 53. Ne4 Kg6 54. Kd5 Kf5 55. Rc7 Bd8 56. Rg7 Rd3+ 57. Bd4 f3 58. Nf2 Rxd4+ 59. Kxd4 Bb6+ 60. Kd3 Bxf2 61. Rf7+ Ke5 62. Rxf3 Bg1 63. Rg3 Bb6 64. Rg5+ Kf4 65. Rg7 Bc5 66. Rf7+ Ke5 67. Rh7 Bb4 68. Rh5+ Kd6 69. Kd4 Kc7 70. Rb5 1/2-1/2